[Event "21st Czech GM Open"]
[Site "Pardubice CZE"]
[Date "2010.07.24"]
[Round "2"]
[White "Smith,Ax"]
[Black "Kovac,A"]
[Result "1-0"]
[WhiteElo "2416"]
[BlackElo "2128"]
[EventDate "2010.07.23"]

1. c4 Nf6 2. g3 e6 3. Bg2 Be7 4. Nf3 O-O 5. O-O d5 6. d4 b6 7. cxd5 exd5 8.
Nc3 Bb7 9. Ne5 Re8 10. Qb3 c6 11. e4 Na6 12. Be3 Nc7 13. Rac1 Bd6 14. Rfd1
Qe7 15. exd5 Ncxd5 16. Nxc6 Bxc6 17. Nxd5 Bxd5 18. Bxd5 Nxd5 19. Qxd5 Rad8
20. Bg5 Bb8 21. Qxd8 1-0

[Event "21st Czech GM Open"]
[Site "Pardubice CZE"]
[Date "2010.07.24"]
[Round "2"]
[White "Zaslavsky,M"]
[Black "Medunova,V"]
[Result "1-0"]
[WhiteElo "2413"]
[BlackElo "2083"]
[EventDate "2010.07.23"]

1. Nf3 Nf6 2. g3 g6 3. Bg2 Bg7 4. O-O O-O 5. d3 d5 6. Nbd2 Nbd7 7. e4 dxe4
8. dxe4 Ng4 9. Qe2 c6 10. h3 Nge5 11. Nxe5 Bxe5 12. Nc4 Bg7 13. Rd1 Qc7 14.
Bf4 Ne5 15. Qe1 Be6 16. Qa5 Qxa5 17. Nxa5 Rab8 18. c3 h6 19. Nb3 Rbd8 20.
Bf1 Rfe8 21. Be3 b6 22. Nd4 Bc4 23. Nxc6 Rxd1 24. Rxd1 Bxf1 25. Nxe5 Bxh3
26. Nc6 Ra8 27. Nxe7+ Kf8 28. Nc6 Bg4 29. Re1 Bd7 30. Nb4 Be6 31. f3 Rd8
32. Nd5 Rd7 33. Rd1 h5 34. Bd4 Bh6 35. Bf6 b5 36. Kf2 a5 37. b3 Bg7 38.
Bxg7+ Kxg7 39. Ke3 f5 40. Rd4 g5 41. Nb6 Rc7 42. c4 bxc4 43. bxc4 Rc6 44.
Nd5 fxe4 45. Rxe4 Kf7 46. Kd4 g4 47. f4 h4 48. gxh4 g3 49. Re1 g2 50. Rg1
Bh3 51. f5 Rh6 52. Nf4 Bxf5 53. h5 Bh3 54. Nxh3 Rxh5 55. Nf4 Rh4 56. Ke5
1-0

[Event "21st Czech GM Open"]
[Site "Pardubice CZE"]
[Date "2010.07.24"]
[Round "2"]
[White "Mueller,Jan1"]
[Black "Sergienko,S"]
[Result "0-1"]
[WhiteElo "2075"]
[BlackElo "2412"]
[EventDate "2010.07.23"]

1. c4 e5 2. g3 d6 3. Bg2 f5 4. Nc3 Nf6 5. d3 Be7 6. e3 O-O 7. Nge2 c6 8. f4
Na6 9. O-O Be6 10. b3 Qe8 11. Ba3 Rd8 12. h3 Bc8 13. Bb2 Qg6 14. Qc2 Rfe8
15. Kh2 Bf8 16. e4 Qh5 17. Qd2 Nc5 18. Rae1 a5 19. Ng1 Ng4+ 20. Kh1 Nh6 21.
d4 Nxe4 22. Nxe4 fxe4 23. dxe5 dxe5 24. Qxa5 Nf5 25. Kh2 Nxg3 26. Rf2 exf4
27. Qxh5 Nxh5 28. Rxe4 Rxe4 29. Bxe4 Bc5 30. Rg2 Ng3 31. Bf3 Rd3 32. Bc1
Bxg1+ 33. Rxg1 Rxf3 34. Kg2 Rd3 35. Bxf4 Ne2 0-1

[Event "21st Czech GM Open"]
[Site "Pardubice CZE"]
[Date "2010.07.24"]
[Round "2"]
[White "Allahverdiev,A"]
[Black "Bar,A"]
[Result "1-0"]
[WhiteElo "2410"]
[BlackElo "2062"]
[EventDate "2010.07.23"]

1. c4 Nf6 2. g3 e6 3. Bg2 d5 4. Nf3 Be7 5. Qc2 O-O 6. d4 c6 7. O-O b6 8.
Nbd2 a5 9. e4 dxc4 10. Nxc4 Ba6 11. Re1 c5 12. dxc5 Bxc5 13. Bg5 Qc8 14.
Bxf6 gxf6 15. Rac1 Ra7 16. e5 f5 17. b3 Rd8 18. g4 b5 19. Nb2 Bb4 20. Qb1
Rc7 21. Rxc7 Qxc7 22. Rc1 Qd7 23. gxf5 exf5 24. Rd1 Qe7 25. Rxd8+ Qxd8 26.
Qxf5 Bc8 27. Qe4 Be6 28. Nd4 Bc5 29. Nxe6 fxe6 30. Qg4+ Kf7 31. Qh5+ Kf8
32. Qh6+ Kf7 33. Qxh7+ Ke8 34. Nd3 Be7 35. Qg6+ Kd7 36. Nf4 1-0

[Event "21st Czech GM Open"]
[Site "Pardubice CZE"]
[Date "2010.07.24"]
[Round "2"]
[White "Shomoev,A"]
[Black "Arndt,U"]
[Result "1/2-1/2"]
[WhiteElo "2561"]
[BlackElo "2049"]
[EventDate "2010.07.23"]

1. d4 d5 2. c4 dxc4 3. e3 e5 4. Bxc4 exd4 5. exd4 Bd6 6. Nf3 Nf6 7. O-O O-O
8. h3 h6 9. Qc2 Nc6 10. Nc3 a6 11. a3 b5 12. Ba2 Bb7 13. Re1 Re8 14. Bxh6
Rxe1+ 15. Rxe1 gxh6 16. Qg6+ Kh8 17. Bxf7 Bf8 18. d5 Na5 19. Nd4 Nc4 20.
Re6 Bg7 21. Nf5 Qf8 22. b3 Nxd5 23. Nxd5 Bxd5 24. bxc4 Bxe6 25. Qxe6 Qxa3
26. g4 1/2-1/2

[Event "21st Czech GM Open"]
[Site "Pardubice CZE"]
[Date "2010.07.24"]
[Round "2"]
[White "Gabrielian,A"]
[Black "Varitski,I"]
[Result "1-0"]
[WhiteElo "2559"]
[BlackElo "2302"]
[EventDate "2010.07.23"]

1. e4 c6 2. d4 d5 3. f3 dxe4 4. fxe4 e5 5. Nf3 Be6 6. Nc3 Nd7 7. d5 Bg4 8.
h3 Bh5 9. Bc4 Bc5 10. Qe2 Ngf6 11. dxc6 bxc6 12. g4 Bg6 13. Bg5 Bb4 14. O-O
Bxc3 15. bxc3 O-O 16. Nd2 h6 17. Bh4 Qb6+ 18. Kh2 Nh7 19. Bf2 Qa5 20. h4
Nhf6 21. h5 Bh7 22. Rg1 Qxc3 23. Raf1 Kh8 24. g5 hxg5 25. Rxg5 Rad8 26.
Rfg1 Ne8 27. Nf3 Ndf6 28. Bd3 Nd7 29. Be1 Qa3 30. Qg2 Rg8 31. h6 g6 32.
Nxe5 Nxe5 33. Rxe5 f6 34. Ra5 Qf8 35. Qh3 Qe7 36. Bc3 Nd6 37. Rxa7 1-0

[Event "21st Czech GM Open"]
[Site "Pardubice CZE"]
[Date "2010.07.24"]
[Round "2"]
[White "Borosova,Z"]
[Black "Schneider,Il"]
[Result "0-1"]
[WhiteElo "2266"]
[BlackElo "2515"]
[EventDate "2010.07.23"]

1. e4 Nc6 2. Nf3 f5 3. exf5 d5 4. Bb5 Bxf5 5. Ne5 Bd7 6. Nxd7 Qxd7 7. d4
Nf6 8. O-O e6 9. Bf4 Bd6 10. Be5 O-O 11. Nd2 a6 12. Bxc6 Qxc6 13. Qe2 Bxe5
14. dxe5 Nd7 15. Nf3 Rf4 16. Rae1 Raf8 17. c3 Qb6 18. Qe3 Qxb2 19. Rb1 Qxa2
20. Rxb7 Qa5 21. Ng5 Rxf2 22. Qxf2 Rxf2 23. Rxf2 Qxc3 24. Nxe6 h6 25. Rxc7
Qxe5 26. Rxd7 Qxe6 27. Rb7 d4 28. Rf1 Qe3+ 29. Kh1 d3 30. Rbb1 d2 31. Ra1
Qe2 32. Rab1 a5 33. Kg1 Kh7 34. Kh1 a4 35. Kg1 a3 36. h3 a2 37. Ra1 Kg6 38.
Kh1 Kg5 39. Kg1 h5 40. Kh2 Qe5+ 41. Kh1 Qd5 42. Kh2 Qd6+ 43. Kg1 Kh4 44.
Rfd1 Qd4+ 45. Kh2 Qe5+ 46. Kg1 Kg3 47. Rf1 Qe3+ 48. Kh1 Qe2 49. Rf3+ Qxf3
50. gxf3 Kxf3 51. h4 Ke2 52. Rxa2 Ke1 53. Kh2 d1=Q 54. Rg2 Qe2 0-1

[Event "21st Czech GM Open"]
[Site "Pardubice CZE"]
[Date "2010.07.24"]
[Round "2"]
[White "Gutman,G"]
[Black "Molnar,P SVK"]
[Result "1-0"]
[WhiteElo "2502"]
[BlackElo "2297"]
[EventDate "2010.07.23"]

1. d4 g6 2. Nf3 Bg7 3. c4 c5 4. d5 d6 5. e4 Nf6 6. Bd3 O-O 7. h3 e6 8. Nc3
Re8 9. O-O Na6 10. Re1 Nc7 11. Bg5 h6 12. Bh4 e5 13. a3 g5 14. Bg3 Nh5 15.
Nd2 Nf4 16. Bc2 Rb8 17. b4 b6 18. Nf1 a5 19. bxa5 bxa5 20. Ne3 h5 21. Rb1
Rxb1 22. Qxb1 g4 23. hxg4 hxg4 24. Qb6 Nh5 25. Nb5 Nxb5 26. Qxd8 Rxd8 27.
cxb5 Nxg3 28. fxg3 Bd7 29. a4 Ra8 30. Nc4 Bf8 31. Rb1 1-0

[Event "21st Czech GM Open"]
[Site "Pardubice CZE"]
[Date "2010.07.24"]
[Round "2"]
[White "Durarbeyli,V"]
[Black "Majer,J"]
[Result "1-0"]
[WhiteElo "2501"]
[BlackElo "2270"]
[EventDate "2010.07.23"]

1. e4 Nf6 2. e5 Nd5 3. d4 d6 4. c4 Nb6 5. exd6 cxd6 6. Nc3 g6 7. Be3 Bg7 8.
Rc1 O-O 9. Be2 Nc6 10. b3 e5 11. dxe5 dxe5 12. c5 Nd7 13. Nf3 Nf6 14. h3
Be6 15. Ng5 Bf5 16. g4 Bd7 17. O-O Qe7 18. Nb5 h6 19. Nf3 Rad8 20. Qd6 Ne4
21. Qxe7 Nxe7 22. Nxa7 Ra8 23. Bd3 f5 24. Rfd1 Rfd8 25. gxf5 Bxf5 26. Nh4
Nf6 27. Nxf5 gxf5 28. c6 bxc6 29. Nxc6 Nxc6 30. Rxc6 f4 31. Bb6 Rf8 32.
Bc4+ Kh8 33. a4 e4 34. Rdd6 Ng8 35. Bd4 Bxd4 36. Rxd4 Nf6 37. Rdd6 Kg7 38.
Rc7+ Kg6 39. Re7 Kf5 40. Kf1 Rad8 41. Rxd8 Rxd8 42. Ke2 f3+ 43. Ke3 Rd1 44.
Be6+ Ke5 45. Bc8+ Kd5 46. a5 Rd3+ 47. Kf4 Kd4 48. Kf5 Nd5 49. Rxe4+ Kc5 50.
Re5 Kd6 51. a6 1-0

[Event "21st Czech GM Open"]
[Site "Pardubice CZE"]
[Date "2010.07.24"]
[Round "2"]
[White "Litwak,A"]
[Black "Bryzgalin,K"]
[Result "1/2-1/2"]
[WhiteElo "2280"]
[BlackElo "2499"]
[EventDate "2010.07.23"]

1. e4 c5 2. Nf3 Nc6 3. d4 cxd4 4. Nxd4 Qc7 5. Nc3 e6 6. Be2 Nf6 7. O-O Be7
8. Be3 O-O 9. f4 d6 10. Kh1 Bd7 11. Bg1 b6 12. Qd3 a6 13. a4 Rfd8 14. Qg3
Be8 15. Rad1 Nb4 16. Rd2 Rac8 17. Rfd1 Qb8 18. e5 dxe5 19. fxe5 Nd7 20. Nf3
Nf8 21. Be3 Rxd2 22. Rxd2 Rd8 23. Bg5 Ng6 24. Bxe7 Nxe7 25. Qh4 Rxd2 26.
Nxd2 Nec6 27. Nf3 1/2-1/2

[Event "21st Czech GM Open"]
[Site "Pardubice CZE"]
[Date "2010.07.24"]
[Round "2"]
[White "Palecek,P"]
[Black "Lalic,B"]
[Result "0-1"]
[WhiteElo "2252"]
[BlackElo "2491"]
[EventDate "2010.07.23"]

1. e4 c5 2. Nf3 g6 3. d4 Bg7 4. Nc3 cxd4 5. Nxd4 Nc6 6. Be3 Nf6 7. Bc4 d6
8. f3 O-O 9. Qd2 Bd7 10. Bb3 Rc8 11. O-O-O Ne5 12. Kb1 Re8 13. g4 b5 14. h3
b4 15. Nd5 a5 16. Nxf6+ Bxf6 17. f4 Nc4 18. Bxc4 Rxc4 19. e5 Bg7 20. Rhe1
Qa8 21. Bg1 dxe5 22. fxe5 Rec8 23. Rc1 Qd5 24. Nb3 Qxd2 25. Nxd2 R4c6 26.
Nb3 a4 27. Nd4 Ra6 28. c3 bxc3 29. Rxc3 h5 30. Rxc8+ Bxc8 31. gxh5 Bxh3 32.
e6 gxh5 33. exf7+ Kxf7 34. Nf3 Bf5+ 35. Ka1 Rd6 36. Bc5 Rd3 37. Nh4 e6 38.
Rf1 Rd5 39. Nxf5 Rxf5 40. Rxf5+ exf5 41. Kb1 h4 0-1

[Event "21st Czech GM Open"]
[Site "Pardubice CZE"]
[Date "2010.07.24"]
[Round "2"]
[White "Franciskovic,B"]
[Black "Sriram,J"]
[Result "1/2-1/2"]
[WhiteElo "2253"]
[BlackElo "2490"]
[EventDate "2010.07.23"]

1. Nf3 c5 2. c4 Nc6 3. Nc3 g6 4. e3 Nf6 5. d4 cxd4 6. exd4 d5 7. cxd5 Nxd5
8. Qb3 Nxc3 9. Bc4 Nd5 10. Bxd5 e6 11. Bxc6+ bxc6 12. O-O Qd5 13. Qe3 Bg7
14. Qa3 Bf8 15. Qe3 Bg7 16. Qa3 Bf8 1/2-1/2

[Event "21st Czech GM Open"]
[Site "Pardubice CZE"]
[Date "2010.07.24"]
[Round "2"]
[White "Salem,AR"]
[Black "Adamek,J"]
[Result "1-0"]
[WhiteElo "2469"]
[BlackElo "2244"]
[EventDate "2010.07.23"]

1. d4 Nf6 2. c4 e6 3. Nc3 d5 4. Bg5 Nbd7 5. e3 c6 6. cxd5 exd5 7. Bd3 Be7
8. Qc2 O-O 9. Nge2 Re8 10. O-O Nf8 11. f3 h6 12. Bh4 Ne6 13. Rad1 b5 14.
Bf2 Bb7 15. Bf5 b4 16. Na4 Ba6 17. Rfe1 Bb5 18. e4 Bxe2 19. Qxe2 Qa5 20. b3
Qb5 21. Qc2 dxe4 22. fxe4 Bf8 23. Bh4 g5 24. Bf2 Ng7 25. e5 Nxf5 26. Qxf5
Nh7 27. Nc5 Bg7 28. d5 cxd5 29. e6 fxe6 30. Nxe6 Qb7 31. Rc1 Rac8 32. Nxg7
Rxc1 33. Nxe8 Rxe1+ 34. Bxe1 Qe7 35. Qg6+ Kf8 36. Bf2 d4 37. Nd6 1-0

[Event "21st Czech GM Open"]
[Site "Pardubice CZE"]
[Date "2010.07.24"]
[Round "2"]
[White "Migot,Tangi"]
[Black "Michalik,P"]
[Result "1/2-1/2"]
[WhiteElo "2229"]
[BlackElo "2453"]
[EventDate "2010.07.23"]

1. e4 e6 2. d4 d5 3. Nc3 Nf6 4. e5 Nfd7 5. f4 c5 6. Nf3 Nc6 7. Be3 Be7 8.
Qd2 O-O 9. Be2 a6 10. O-O b5 11. dxc5 Bxc5 12. Nd4 Nxd4 13. Bxd4 Qc7 14.
Bf3 Bb7 15. Ne2 Rac8 16. c3 Nb6 17. b3 Nd7 18. Bg4 f5 19. exf6 Rxf6 20. Kh1
Rh6 21. Bh3 Re8 22. Rae1 Nf6 23. Bxf6 Rxf6 24. Nd4 e5 25. fxe5 Rxf1+ 26.
Rxf1 Qxe5 27. Qf2 Qe7 28. Qf3 Kh8 29. Ne6 Bd6 30. Qh5 g6 31. Qd1 Be5 32.
Qd3 b4 33. cxb4 Qxb4 34. Ng5 Qd4 35. Nf7+ Kg7 36. Nxe5 Qxe5 37. Qf3 Qe7 38.
Qc3+ Qe5 39. Qf3 Ba8 40. Qf7+ Kh8 41. Bd7 Rd8 42. Be6 Qg7 43. Qf3 d4 44.
Qd3 Qb7 45. Qd2 d3 46. Bc4 Qg7 47. Qg5 Qd4 48. Bxd3 Qxd3 1/2-1/2

[Event "21st Czech GM Open"]
[Site "Pardubice CZE"]
[Date "2010.07.24"]
[Round "2"]
[White "Rolle,E"]
[Black "Baron,Ta"]
[Result "0-1"]
[WhiteElo "2233"]
[BlackElo "2438"]
[EventDate "2010.07.23"]

1. Nf3 Nf6 2. c4 g6 3. b4 Bg7 4. Bb2 O-O 5. e3 d6 6. d4 c5 7. a3 cxd4 8.
Nxd4 Bg4 9. Qb3 e5 10. Nb5 Nc6 11. Nd2 Rc8 12. f3 Be6 13. Nc3 d5 14. cxd5
Nxd5 15. Nxd5 Bxd5 16. Qa4 Qh4+ 17. g3 Qh6 18. Kf2 Nd4 19. Rd1 Bxf3 20.
Nxf3 Nxf3 21. Bg2 e4 22. Bxg7 Qxg7 23. Bxf3 Qf6 24. Rhe1 Qxf3+ 25. Kg1 Rc3
26. Rd2 Rxe3 27. Rf1 Rxa3 28. Qd7 Qe3+ 29. Rdf2 Qb6 30. Kh1 Qc6 31. Qxc6
bxc6 32. Rf6 Rb3 33. Ra1 Ra8 34. Rxc6 Rxb4 35. Rc7 a5 36. Rd1 e3 37. Re7 a4
38. Rdd7 e2 39. Rxe2 a3 0-1

[Event "21st Czech GM Open"]
[Site "Pardubice CZE"]
[Date "2010.07.24"]
[Round "2"]
[White "Mikhalevski,A"]
[Black "Dimitrijeski,K"]
[Result "1/2-1/2"]
[WhiteElo "2437"]
[BlackElo "2229"]
[EventDate "2010.07.23"]

1. d4 d5 2. c4 c6 3. Nf3 Nf6 4. e3 Bg4 5. cxd5 Bxf3 6. Qxf3 cxd5 7. Nc3 Nc6
8. Bd3 e6 9. O-O Be7 10. Bd2 O-O 11. Qh3 h6 12. f4 Qb6 13. Na4 Qd8 14. Qf3
Nb4 15. Bb1 Rc8 16. a3 Nc6 17. b4 Qe8 18. Nc5 b6 19. Na6 Nb8 20. Nxb8 Rxb8
21. a4 b5 22. axb5 Qxb5 23. Ra5 Qd7 24. Bd3 1/2-1/2

[Event "21st Czech GM Open"]
[Site "Pardubice CZE"]
[Date "2010.07.24"]
[Round "2"]
[White "Cappai,D"]
[Black "Breder,D"]
[Result "0-1"]
[WhiteElo "2220"]
[BlackElo "2429"]
[EventDate "2010.07.23"]

1. e4 c5 2. Nf3 Nc6 3. c3 d5 4. d3 g6 5. Qc2 Bg7 6. h3 Nf6 7. Bf4 O-O 8.
Be2 d4 9. Ne5 dxc3 10. bxc3 Nxe5 11. Bxe5 b6 12. O-O Bb7 13. Rd1 Qc8 14.
Nd2 Qe6 15. d4 cxd4 16. cxd4 Rac8 17. Qd3 Rfd8 18. f3 Nxe4 19. fxe4 Bxe5
20. Nb3 Bxe4 21. Qe3 Bg7 22. Ba6 Rc2 23. Bf1 Bd5 24. Qd3 Qe4 0-1

[Event "21st Czech GM Open"]
[Site "Pardubice CZE"]
[Date "2010.07.24"]
[Round "2"]
[White "Seger,R"]
[Black "Borisenko,V"]
[Result "1/2-1/2"]
[WhiteElo "2429"]
[BlackElo "2226"]
[EventDate "2010.07.23"]

1. e4 c5 2. c3 e5 3. Nf3 Nc6 4. Bc4 Qc7 5. O-O Be7 6. d3 Nf6 7. Na3 O-O 8.
Bg5 h6 9. Bxf6 Bxf6 10. Nc2 g6 11. Ne3 Bg7 12. Nh4 Kh7 13. Qg4 d6 14. Qg3
Qe7 15. a3 Rb8 16. b4 b5 17. Bd5 Nd8 18. Rab1 Ne6 19. Bxe6 Bxe6 20. c4 cxb4
21. axb4 Rfc8 22. Rfc1 h5 23. Nf3 Bh6 24. Nd2 Kg7 25. h3 Rb7 26. Rc2 Rcb8
27. Rcb2 Qc7 28. Qf3 a5 29. bxa5 Qxa5 30. cxb5 Rxb5 31. Rxb5 Rxb5 32. Rxb5
Qxb5 33. Ndc4 Qc5 34. h4 Bxe3 35. Nxe3 Qc1+ 36. Qd1 Qxd1+ 37. Nxd1 f5 38.
g3 d5 39. exd5 Bxd5 40. Nc3 Bf3 41. Kf1 Kf6 42. Nb1 f4 43. Nd2 Bd5 44. gxf4
exf4 45. f3 Ke5 46. Ne4 Bc6 1/2-1/2

[Event "21st Czech GM Open"]
[Site "Pardubice CZE"]
[Date "2010.07.24"]
[Round "2"]
[White "Yanjindulam,D"]
[Black "Cioara,A"]
[Result "1-0"]
[WhiteElo "2224"]
[BlackElo "2427"]
[EventDate "2010.07.23"]

1. e4 c6 2. d4 d5 3. exd5 cxd5 4. c4 Nf6 5. Nc3 e6 6. Nf3 Bb4 7. cxd5 Nxd5
8. Bd2 O-O 9. Bd3 Nc6 10. O-O Be7 11. a3 Bf6 12. Qc2 g6 13. Bh6 Re8 14.
Rad1 Bd7 15. Bc4 Nxc3 16. bxc3 Na5 17. Ba2 Bc6 18. Qd3 Rc8 19. Nd2 Bg5 20.
Qh3 Bd5 21. Bxg5 Qxg5 22. f4 Qe7 23. Bxd5 exd5 24. Rde1 Qxa3 25. f5 Qb2 26.
Qh6 Qa3 27. Ra1 Qxc3 28. f6 Qe3+ 29. Qxe3 Rxe3 30. Rxa5 Rd3 31. Nf3 a6 32.
Rb1 1-0

[Event "21st Czech GM Open"]
[Site "Pardubice CZE"]
[Date "2010.07.24"]
[Round "2"]
[White "Fedorovsky,M"]
[Black "Petr,Ja1"]
[Result "1-0"]
[WhiteElo "2423"]
[BlackElo "2224"]
[EventDate "2010.07.23"]

1. d4 Nf6 2. c4 c5 3. d5 b5 4. cxb5 a6 5. bxa6 e6 6. Nc3 Nxd5 7. Nxd5 exd5
8. Qxd5 Nc6 9. Nf3 Be7 10. Ne5 O-O 11. Nxc6 dxc6 12. Qxd8 Rxd8 13. Bd2 Bf6
14. e3 Bxa6 15. Bc3 Bxc3+ 16. bxc3 Bxf1 17. Rxf1 Rd3 18. Ke2 Rxc3 19. a4 c4
20. Kd2 Rb3 21. Rfb1 c5 22. Kc2 Rb4 23. Kc3 Rxb1 24. Rxb1 Kf8 25. Ra1 Ke7
26. a5 Kd6 27. Kxc4 Kc6 28. a6 Ra7 29. e4 Kb6 30. e5 Ra8 31. a7 Kb7 32. f4
Kb6 33. f5 h5 34. e6 fxe6 35. fxe6 Kc6 36. e7 1-0

[Event "21st Czech GM Open"]
[Site "Pardubice CZE"]
[Date "2010.07.24"]
[Round "2"]
[White "Blomqvist,E"]
[Black "Orlov,E"]
[Result "1/2-1/2"]
[WhiteElo "2407"]
[BlackElo "2214"]
[EventDate "2010.07.23"]

1. e4 e5 2. Nf3 Nf6 3. Nxe5 d6 4. Nf3 Nxe4 5. d4 d5 6. Bd3 Be7 7. O-O Nc6
8. Re1 Bf5 9. c4 Nb4 10. Bf1 O-O 11. a3 Nc6 12. cxd5 Qxd5 13. Nc3 Nxc3 14.
bxc3 Bf6 15. Bf4 Rac8 16. h3 h6 17. g4 Bg6 18. Bg2 Qc4 19. Re3 Qb5 20. Nd2
Na5 21. a4 Qd7 22. Be5 Bxe5 23. Rxe5 b6 24. Rd5 1/2-1/2

[Event "21st Czech GM Open"]
[Site "Pardubice CZE"]
[Date "2010.07.24"]
[Round "2"]
[White "Turner,R"]
[Black "Ageichenko,G"]
[Result "1/2-1/2"]
[WhiteElo "2191"]
[BlackElo "2402"]
[EventDate "2010.07.23"]

1. c4 Nf6 2. g3 e5 3. Bg2 Nc6 4. Nc3 g6 5. e4 Bg7 6. Nge2 h5 7. h4 d6 8. d3
Be6 9. Nd5 Qd7 10. Bg5 Nh7 11. Be3 Nd4 12. Nxd4 exd4 13. Bd2 O-O 14. Nf4
Nf6 15. Nxe6 fxe6 16. Bh3 Qf7 17. f4 Bh6 18. O-O Rae8 19. Kg2 Qg7 20. Qe2
e5 1/2-1/2

[Event "21st Czech GM Open"]
[Site "Pardubice CZE"]
[Date "2010.07.24"]
[Round "2"]
[White "Klima,L"]
[Black "Gallien,F"]
[Result "1-0"]
[WhiteElo "2392"]
[BlackElo "2202"]
[EventDate "2010.07.23"]

1. e4 e6 2. d3 d5 3. Nd2 Nf6 4. g3 c5 5. Bg2 Nc6 6. Ngf3 Qc7 7. O-O Be7 8.
Re1 b6 9. Nf1 Bb7 10. Bf4 Qd7 11. e5 Ng8 12. h4 Bd8 13. N1h2 Nge7 14. h5 h6
15. c3 Nf5 16. Bh3 g5 17. Bd2 Ng7 18. Bg4 Be7 19. d4 c4 20. b4 O-O-O 21. a4
a6 22. Qc2 Rdf8 23. Kg2 Nd8 24. Nf1 Kb8 25. Ne3 Qe8 26. Rh1 Nc6 27. Rae1
Ka7 28. Nh2 Nb8 29. Bf3 Nd7 30. Nhg4 Qd8 31. Bc1 Qc7 32. Ba3 b5 33. Ra1 Nb6
34. axb5 axb5 35. Bc1+ Kb8 36. Bd2 Bc6 37. Nf6 Bxf6 38. exf6 Ne8 39. Ng4
Nd7 40. Ra6 Ndxf6 41. Ne5 Bb7 42. Ra5 Nd6 43. Rha1 Qb6 44. Be2 Kc7 45. Be1
Nd7 46. Nxd7 Kxd7 47. Qd2 Nf5 48. f3 Ne7 49. Bf2 Nc6 50. R5a2 Qc7 51. Qe3
Qd6 52. Bd1 Ra8 53. Bc2 Rxa2 54. Rxa2 Rf8 55. Ra1 f5 56. Qe2 Ra8 57. Rxa8
Bxa8 58. Bb1 Bb7 59. g4 f4 60. Qc2 Qf8 61. Qh7+ Ne7 62. Bg6 Bc6 63. Bf7 Kd6
64. Be1 Bd7 65. Bf2 Nc6 66. Bg1 Nd8 67. Bg6 Kc7 68. Bf2 Nb7 69. Bg1 Nd6 70.
Bf2 Kd8 71. Bg1 Be8 72. Qa7 Bd7 73. Bf2 Ke7 74. Be1 Qc8 75. Bd2 Qb7 76. Qa5
Be8 77. Bb1 Nc8 78. Qa2 Qa7 79. Qc2 Kf8 80. Be1 Nb6 81. Qe2 Qe7 82. Qe5 Kg8
83. Qb8 Na4 84. Bg6 Kf8 85. Bd2 Nb2 86. Kf2 Nd3+ 87. Kf1 Nb2 88. Bxf4 gxf4
89. Qxf4+ Kg7 90. Qe5+ Kg8 91. Qb8 Kf8 92. g5 Nd3 93. gxh6 Kg8 94. Bxe8 Kh7
95. Bg6+ Kxh6 96. Qh8+ Kg5 97. Bxd3 cxd3 98. Qe5+ Kh6 99. Ke1 Qh4+ 100. Kd2
Qf2+ 101. Kxd3 Qf1+ 102. Kc2 Qxf3 103. Qxe6+ Kxh5 104. Qe8+ Kg5 105. Qxb5
Qf2+ 106. Kb3 Qf3 107. Qc6 Qd1+ 108. Kb2 Qd2+ 109. Ka3 Qc1+ 110. Ka4 Qc2+
111. Ka5 Qa2+ 112. Kb6 Kf5 113. b5 Ke4 114. Kb7 Qg2 115. b6 1-0

[Event "21st Czech GM Open"]
[Site "Pardubice CZE"]
[Date "2010.07.24"]
[Round "2"]
[White "Congiu,M"]
[Black "Hedman,E"]
[Result "0-1"]
[WhiteElo "2199"]
[BlackElo "2391"]
[EventDate "2010.07.23"]

1. e4 c5 2. Nf3 d6 3. Bb5+ Nd7 4. O-O Ngf6 5. d4 cxd4 6. Qxd4 e5 7. Qd3 Be7
8. Bg5 O-O 9. Bxd7 Nxd7 10. Be3 Nf6 11. Nc3 Be6 12. Rfd1 h6 13. Qe2 Qc7 14.
Ne1 Qc6 15. Qb5 a6 16. Qb6 Nd7 17. Qa5 b6 18. Qb4 f5 19. f3 Rf7 20. Nd5
Bxd5 21. exd5 Qc7 22. a4 Bg5 23. Bf2 e4 24. fxe4 fxe4 25. Qxe4 Re7 26. Qg6
Ne5 27. Qh5 Rf8 28. Ra3 Ref7 29. Nf3 Qxc2 30. Rf1 Qxb2 0-1

[Event "21st Czech GM Open"]
[Site "Pardubice CZE"]
[Date "2010.07.24"]
[Round "2"]
[White "Espig,L"]
[Black "Mons,L"]
[Result "1/2-1/2"]
[WhiteElo "2383"]
[BlackElo "2192"]
[EventDate "2010.07.23"]

1. Nf3 g6 2. e4 Bg7 3. d4 d6 4. c3 Nf6 5. Bd3 O-O 6. O-O Nc6 7. Re1 e5 8.
h3 h6 9. Na3 a6 10. Nc2 Nh5 11. Bf1 Qf6 12. Ne3 Nf4 13. Nd5 Nxd5 14. exd5
Ne7 15. dxe5 dxe5 16. Nxe5 Qd6 17. Nc4 Qxd5 18. Bf4 Be6 19. Bxc7 Rac8 20.
Bd6 Qxd1 21. Rexd1 Rfe8 22. Ne3 Nc6 23. Bc4 Bxc4 24. Nxc4 Re4 25. Ne3 b5
26. Nd5 Kh8 27. Kf1 a5 28. Rac1 Re6 29. Bg3 Ne5 30. Ne3 b4 31. cxb4 Rxc1
32. Rxc1 axb4 33. b3 Nd3 34. Rd1 Nb2 35. Rd8+ Kh7 36. Nd5 Nd3 37. f3 Be5
38. Bxe5 Rxe5 39. Nf6+ Kg7 40. Ne8+ Kh7 41. Rxd3 Rxe8 42. Kf2 Kg7 43. Rd4
Ra8 44. Rd2 h5 45. g4 hxg4 46. hxg4 Kf6 47. Ke3 Kg5 48. Rd4 Rxa2 49. Rxb4
f5 50. Rb5 Rb2 51. gxf5 gxf5 52. Rb8 Rb1 53. f4+ Kg4 54. Rg8+ Kh5 55. Kd4
Rxb3 56. Ke5 Rb5+ 57. Kf6 Kh4 58. Rg5 Ra5 59. Kg6 Ra6+ 60. Kxf5 Ra5+ 61.
Kg6 Ra6+ 62. Kg7 Ra4 1/2-1/2

[Event "21st Czech GM Open"]
[Site "Pardubice CZE"]
[Date "2010.07.24"]
[Round "2"]
[White "Kashlinskaya,A"]
[Black "Dorst,J"]
[Result "1-0"]
[WhiteElo "2352"]
[BlackElo "2180"]
[EventDate "2010.07.23"]

1. d4 d5 2. c4 c6 3. Nc3 Nf6 4. Nf3 e6 5. Bg5 h6 6. Bh4 dxc4 7. e4 g5 8.
Bg3 b5 9. Be2 Bb7 10. h4 g4 11. Ne5 Rg8 12. Nxg4 Nxg4 13. Bxg4 Nd7 14. Bf3
Qb6 15. Qd2 Rd8 16. Rd1 b4 17. Ne2 Bg7 18. Qc1 Ba6 19. O-O e5 20. Rfe1 exd4
21. e5 d3 22. Nf4 Bxe5 23. Nxd3 cxd3 24. Bxe5 Nxe5 25. Bxc6+ Kf8 26. Qxh6+
Rg7 27. Rxe5 Qd4 28. Qh8+ Rg8 29. Re8+ Rxe8 30. Qxd4 1-0

[Event "21st Czech GM Open"]
[Site "Pardubice CZE"]
[Date "2010.07.24"]
[Round "2"]
[White "Klek,H"]
[Black "Geske,J"]
[Result "0-1"]
[WhiteElo "2138"]
[BlackElo "2348"]
[EventDate "2010.07.23"]

1. e4 e5 2. Nf3 Nc6 3. Bc4 Nf6 4. d3 Be7 5. O-O O-O 6. Re1 d6 7. a4 Kh8 8.
a5 a6 9. h3 Ng8 10. Nc3 f5 11. exf5 Bxf5 12. Be3 Qd7 13. Nd5 Rae8 14. Bb3
Nf6 15. c3 Nxd5 16. Bxd5 Nd8 17. Be4 Bf6 18. Qa4 c6 19. Bxf5 Qxf5 20. Rad1
Qd7 21. Bg5 Bxg5 22. Nxg5 Qf5 23. Qh4 Ne6 24. Ne4 Nf4 25. Qg4 Qxg4 26. hxg4
Re6 27. g3 Nd5 28. Kg2 Nf6 29. f3 Nd7 30. Rh1 Rg6 31. Rh5 d5 32. Nd2 Kg8
33. Rf5 Re8 34. Re1 Rge6 35. Rh5 Nc5 36. Re3 d4 37. Re2 Nxd3 38. Nb3 c5 39.
Rd2 c4 40. Rh1 dxc3 41. bxc3 Rd6 42. Rhd1 Red8 43. Nc1 Nf4+ 0-1

[Event "21st Czech GM Open"]
[Site "Pardubice CZE"]
[Date "2010.07.24"]
[Round "2"]
[White "Wichmann,C"]
[Black "Ben Artzi,I"]
[Result "1-0"]
[WhiteElo "2347"]
[BlackElo "2147"]
[EventDate "2010.07.23"]

1. d4 Nf6 2. c4 g6 3. Nc3 d5 4. Bf4 Bg7 5. e3 O-O 6. Nf3 c5 7. dxc5 Ne4 8.
Rc1 Nd7 9. cxd5 Qa5 10. Nd4 Ndxc5 11. Bc4 e5 12. dxe6 Bxe6 13. Bxe6 Nxc3
14. bxc3 Nxe6 15. Nxe6 Bxc3+ 16. Kf1 fxe6 17. Qb3 Qa6+ 18. Kg1 Bf6 19. h3
Rfc8 20. Kh2 Rc6 21. Rhd1 Rac8 22. Rd6 Rxd6 23. Rxc8+ Rd8 24. Rc7 b5 25.
Qc2 Re8 26. Qd3 Rd8 27. Qc2 Re8 28. Bg3 b4 29. Qd2 Qb5 30. Qd6 Qd5 31. Qf4
Rf8 32. Rxa7 Bc3 33. Qc7 Qh5 34. Qe7 1-0

[Event "21st Czech GM Open"]
[Site "Pardubice CZE"]
[Date "2010.07.24"]
[Round "2"]
[White "Folkova,M"]
[Black "Nilsson,S"]
[Result "0-1"]
[WhiteElo "2143"]
[BlackElo "2342"]
[EventDate "2010.07.23"]

1. e4 c5 2. Nf3 d6 3. d4 cxd4 4. Nxd4 Nf6 5. Nc3 e6 6. Bc4 Be7 7. Be3 O-O
8. Bb3 Na6 9. Qe2 Nc5 10. f3 a6 11. g4 Qc7 12. g5 Nh5 13. f4 g6 14. f5 Re8
15. fxe6 fxe6 16. Nd5 exd5 17. Bxd5+ Kh8 18. Rf1 Rf8 19. O-O-O Ng7 20. Qc4
Bh3 21. Rxf8+ Rxf8 22. Qc3 Rf1 23. Rxf1 Bxf1 24. Nf3 Nce6 25. Qb3 Qd7 26.
Bxb7 Qb5 27. Bc8 Qe2 28. Bxe6 Nxe6 29. Bd2 Bh3 30. Qb8+ Bf8 31. Bc3+ Kg8
32. Ne1 Qxe4 33. b4 Nd4 34. Nd3 Bf5 35. Qd8 Ne2+ 36. Kb2 Nxc3 37. Kxc3 d5
38. Kb2 Qd4+ 39. Kb3 Bxd3 0-1